|
|
|
|
| LEADER |
00000naa0a2200000 4500 |
| 001 |
592720 |
| 005 |
20250901105540.0 |
| 035 |
|
|
|a (RuTPU)RU\TPU\tpu\5195
|
| 090 |
|
|
|a 592720
|
| 100 |
|
|
|a 20011210d1966 k||y0rusy50 ca
|
| 101 |
0 |
|
|a rus
|
| 102 |
|
|
|a RU
|
| 200 |
1 |
|
|a Промышленный бетатрон для целей дефектоскопии типа Б-2510
|f Ю. М. Акимов [и др.]
|
| 333 |
|
|
|a В фонде НТБ ТПУ отсутствует
|
| 463 |
|
1 |
|t Первая межвузовская научно-техническая конференция по радиационным методам и средствам неразрушающего контроля качества материалов и изделий
|v С. 10
|o тезисы докладов (25-29 октября 1966 г.)
|d 1966
|
| 610 |
1 |
|
|a электроника
|
| 610 |
1 |
|
|a труды учёных ТПУ
|
| 610 |
1 |
|
|a рентгенотехника
|
| 610 |
1 |
|
|a ускорители
|
| 701 |
|
1 |
|a Акимов
|b Ю. М.
|
| 701 |
|
1 |
|a Воробьев
|b А. А.
|c российский физик
|c ректор Томского политехнического института, профессор
|f 1909-1981
|g Александр Акимович
|3 (RuTPU)RU\TPU\pers\12805
|4 070
|
| 701 |
|
1 |
|a Горбунов
|b В. И.
|c российский ученый, физик
|c Заслуженный профессор Томского политехнического университета
|f 1929-2008
|g Владимир Иванович
|3 (RuTPU)RU\TPU\pers\19778
|
| 701 |
|
1 |
|a Григорьев
|b А. П.
|
| 701 |
|
1 |
|a Куницин
|b Г. А.
|
| 701 |
|
1 |
|a Морозов
|b В. М.
|
| 701 |
|
1 |
|a Макаров
|b Н. Я.
|
| 701 |
|
1 |
|a Самченко
|b А. С.
|
| 701 |
|
1 |
|a Соломатин
|b В. И.
|
| 801 |
|
0 |
|a RU
|b 63413507
|c 20011210
|g PSBO
|
| 801 |
|
2 |
|a RU
|b 63413507
|c 20091219
|g PSBO
|
| 942 |
|
|
|c BK
|